LEADER 00729naa a2200145 i 4500 001 000000319121 003 CaOOAMICUS 005 20180831173301.0 008 180831n it u000 u ita u 013 $a28759 040 $aSeMil$bita 245 13$aIl rispetto degli obblighi internazionali e comunitari nella recente giurisprudenza costituzionale. 650 4$aDiritto internazionale - Giurisprudenza.$0(OLS)http://semarc/subject/44060 773 0 $tScritti in onore di Angelo Mattioni.$dMilano : Vita e Pensiero, 2011.$kUniversità. Diritto. Ricerche [V&P]$z978-88-343-2034-1$gp.463-472$w()207912 996 $6245$aIl rispetto degli obblighi internazionali e comunitari nella recente giurisprudenza costituzionale$9(OLS)http://semarc/title/392912 LEADER 01166nam a2200277 i 4500 001 000000070953 003 CaOOAMICUS 005 20060721000000.0 008 060721s1999 it u000 u ita u 013 $a42125 020 $a88-213-0422-1 040 $aSeMil$bita 100 1 $aRosso, Stefano <1931- >.$0(OLS)http://semarc/name/15206 245 13$aUn popolo di sacerdoti :$bsaggio di liturgia fondamentale /$cStefano Rosso. 260 $aRoma :$bLAS,$ccopyr. 1999. 300 $a396 p. ;$c24 cm. 490 0 $aBiblioteca di scienze religiose ;$v155 500 $aContiene : Bibliografia generale. 650 4$aLiturgia fondamentale - Saggi.$0(OLS)http://semarc/subject/14170 830 0$aBiblioteca di scienze religiose ;$v155.$0(OLS)http://semarc/title/239 850 $aSeMil 852 $aSeMil$W1$xVenegono$y1$m2UA C 155$j228566$B37106$CSeMilBibl$Z2$F37109 $81 961 $aOmaggio: Scuola Cattolica 996 $6020$a88-213-0422-1$9(OLS)http://semarc/number/49849 996 $6245$aUn popolo di sacerdoti :$bsaggio di liturgia fondamentale$9(OLS)http://semarc/title/114034 996 $6260$aRoma :$bLAS$9(OLS)http://semarc/publisher/29900